Music Quiz

Random Music Quiz

Name That Chord (Maj/Min, Hard) Quiz Stats

 Plays Quiz not verified by Sporcle

Score 0/36 Timer 06:00
0 Plays Today
% Correct
D Major
79.6%
F# Major
77.8%
B Minor
77.8%
D# Minor
77.8%
F Minor
77.8%
E Major
77.8%
G Major
75.9%
C Minor
75.9%
C Major
75.9%
A Minor
75.9%
D Minor
75.9%
A# Minor
74.1%
G# Major
74.1%
E-flat Major
74.1%
B-flat Major
74.1%
D# Major
74.1%
F# Minor
74.1%
B Major
74.1%
% Correct
A-flat Minor
74.1%
A Major
74.1%
E Minor
74.1%
D-flat Minor
74.1%
A# Major
72.2%
G-flat Minor
72.2%
F Major
72.2%
G-flat Major
72.2%
G Minor
72.2%
B-flat Minor
72.2%
C# Minor
72.2%
D-flat Major
70.4%
G# Minor
70.4%
C-flat Major
70.4%
E-flat Minor
70.4%
C# Major
68.5%
A-flat Major
68.5%
C-flat Minor
68.5%

You're not logged in!

Compare scores with friends on all Sporcle quizzes.
OR
Log In

You Might Also Like...

Show Comments

Extras

Top Quizzes Today


Score Distribution

Your Account Isn't Verified!

In order to create a playlist on Sporcle, you need to verify the email address you used during registration. Go to your Sporcle Settings to finish the process.

Report this User

Report this user for behavior that violates our Community Guidelines.

Details: